书目信息 |
| 题名: |
网络安全实验教程
|
|
| 作者: | 崔宝江 , 李宝林 编著 | |
| 分册: | ||
| 出版信息: | 北京 北京邮电大学出版社 2008.09 |
|
| 页数: | 241页 | |
| 开本: | 23cm | |
| 丛书名: | 信息安全专业系列教材 | |
| 单 册: | ||
| 中图分类: | TP393.08 | |
| 科图分类: | ||
| 主题词: | 计算机网络--ji suan ji wang luo--安全技术--教材 | |
| 电子资源: | ||
| ISBN: | 978-7-5635-1574-5 | |
| 000 | 01100nam 2200289 450 | |
| 001 | 012009727173 | |
| 005 | 20090518183329.68 | |
| 010 | @a978-7-5635-1574-5@dCNY26.00 | |
| 100 | @a20090518d2008 em y0chiy0120 ea | |
| 101 | 0 | @achi |
| 102 | @aCN@b110000 | |
| 105 | @aak a 000yy | |
| 106 | @ar | |
| 200 | 1 | @a网络安全实验教程@Awang luo an quan shi yan jiao cheng@f崔宝江, 李宝林编著@Fcui bao jiang,li bao lin bian zhu |
| 210 | @a北京@c北京邮电大学出版社@d2008.09 | |
| 215 | @a241页@c图@d23cm | |
| 225 | 2 | @a信息安全专业系列教材@Axin xi an quan zhuan ye xi lie jiao cai |
| 300 | @a普通高等教育“十一五”国家级规划教材 | |
| 320 | @a有书目 (第241页) | |
| 330 | @a本书共分4章,第1章介绍了网络探测技术,第2-3章介绍了基于网络的攻防技术以及基于主机的攻防技术,第4章较为系统地介绍了网络安全防御的多种技术。 | |
| 410 | 0 | @12001 @a信息安全专业系列教材 |
| 606 | 0 | @a计算机网络@Aji suan ji wang luo@x安全技术@j教材 |
| 690 | @aTP393.08@v4 | |
| 701 | 0 | @a崔宝江@Acui bao jiang@4编著 |
| 701 | 0 | @a李宝林@Ali bao lin@4编著 |
| 801 | 0 | @aCN@bQSSK@c20090518 |
| 905 | @b743128-30@dTP393.08@eC966@f3 | |
| 网络安全实验教程/崔宝江, 李宝林编著.-北京:北京邮电大学出版社,2008.09 |
| 241页:图;23cm.-(信息安全专业系列教材) |
| 普通高等教育“十一五”国家级规划教材 |
| ISBN 978-7-5635-1574-5:CNY26.00 |
| 本书共分4章,第1章介绍了网络探测技术,第2-3章介绍了基于网络的攻防技术以及基于主机的攻防技术,第4章较为系统地介绍了网络安全防御的多种技术。 |
| ● |
| 相关链接 |
|
|
|
正题名:网络安全实验教程
索取号:TP393.08/C966
 
预约/预借
| 序号 | 登录号 | 条形码 | 馆藏地/架位号 | 状态 | 备注 |
| 1 | 743128 | 207431288 | 自科二线404/301自科库 116排2列2层/ [索取号:TP393.08/C966] | 在馆 | |
| 2 | 743129 | 207431297 | 自科库301/301自科库 121排2列2层/ [索取号:TP393.08/C966] | 在馆 | |
| 3 | 743130 | 207431304 | 自科库301/301自科库 121排2列2层/ [索取号:TP393.08/C966] | 在馆 |